00777 a2200169 4500020001500000040001300015082001300028100002900041245018200070260005000252300003200302650003500334650004800369700002700417856008900444856007400533 a0471491845 aDLCbDLC00a621.38451 aGerakoulis, Diakoumis P.10aCDMA: access and switching : for terrestrial and satellite networks baccess and switching : for terrestrial and satellite networks cDiakoumis Gerakoulis, Evaggelos Geraniotis. aChichester ;aNew York :bJohn Wiley,cc2001. ax, 270 p. :bill. ;c25 cm. 0aCode division multiple access. 0aArtificial satellites in telecommunication.1 aGeraniotis, Evaggelos.423Publisher descriptionuhttp://www.loc.gov/catdir/description/wiley0310/00047751.html423Table of Contentsuhttp://www.loc.gov/catdir/toc/onix05/00047751.html